[Event "14th Poti Open-A 2019"]
[Site "Poti"]
[Date "2019.07.18"]
[Round "7.28"]
[White "Gegia, Davit"]
[Black "Farzaliev, Elnur"]
[Result "1-0"]
[WhiteElo "1386"]
[BlackElo "1327"]
[Annotator "NA"]
[PlyCount "95"]
[EventDate "2019.07.13"]
[EventType "swiss"]
[EventCountry "GEO"]
[SourceTitle "playchess.com"]
[Source "ChessBase"]
[SourceQuality "1"]
[TimeControl "40/5400+30:1800+30"]

1. d4 {[%emt 0:00:00]} Nf6 {[%emt 0:00:00]} 2. c4 {[%emt 0:00:00]} e6 {[%emt 0:00:05]} 3. Nc3 {[%emt 0:00:00]} Bb4 {[%emt 0:00:05]} 4. Bg5 {[%emt 0:00:00]} c5 {[%emt 0:01:01]} 5. Bxf6 {[%emt 0:00:00]} Qxf6 {[%emt 0:00:08]} 6. e3 Nc6 {[%emt 0:01:39]} 7. Nf3 {[%emt 0:00:13]} O-O {[%emt 0:04:51]} 8. a3 {[%emt 0:00:38]} Bxc3+ {[%emt 0:00:25]} 9. bxc3 {[%emt 0:00:04]} d5 {[%emt 0:01:31]} 10. cxd5 {[%emt 0:00:12]} exd5 11. Be2 {[%emt 0:04:25]} c4 {[%emt 0:01:26]} 12. O-O {[%emt 0:02:08]} Qe7 {[%emt 0:04:36]} 13. Nd2 {[%emt 0:01:17]} Bf5 {[%emt 0:01:59]} 14. Bf3 {[%emt 0:00:07]} Rfd8 {[%emt 0:08:40]} 15. Re1 {[%emt 0:02:07]} b5 16. e4 {[%emt 0:00:12]} dxe4 {[%emt 0:02:30]} 17. Nxe4 {[%emt 0:00:05]} Bxe4 {[%emt 0:00:54]} 18. Bxe4 {[%emt 0:01:50]} Qd6 {[%emt 0:02:16]} 19. Qh5 g6 {[%emt 0:01:41]} 20. Qxb5 {[%emt 0:00:49]} Rac8 {[%emt 0:03:03]} 21. Bf3 {[%emt 0:08:21]} Ne7 22. Qe5 {[%emt 0:00:07]} Qxe5 {[%emt 0:03:06]} 23. Rxe5 {[%emt 0:00:55]} Kf8 24. Rb1 {[%emt 0:00:07]} Rb8 {[%emt 0:01:16]} 25. Reb5 Rxb5 {[%emt 0:01:36]} 26. Rxb5 {[%emt 0:00:36]} a6 {[%emt 0:00:28]} 27. Rb4 {[%emt 0:00:29]} Nf5 28. Kf1 {[%emt 0:02:39]} Nd6 {[%emt 0:01:56]} 29. a4 Rc8 {[%emt 0:01:36]} 30. Rb6 {[%emt 0:01:20]} Ke7 {[%emt 0:00:05]} 31. Ke2 {[%emt 0:00:58]} Kd7 32. Kd2 {[%emt 0:01:16]} a5 {[%emt 0:02:09]} 33. Kc2 {[%emt 0:00:19]} Rc7 {[%emt 0:02:26]} 34. Ra6 f5 {[%emt 0:00:07]} 35. Rxa5 {[%emt 0:01:45]} Ke6 36. Bd5+ Kf6 {[%emt 0:00:41]} 37. Ra6 {[%emt 0:01:18]} Rd7 {[%emt 0:00:00]} 38. Bxc4 {[%emt 0:00:40]} Kg5 {[%emt 0:00:00]} 39. Bd5 {[%emt 0:01:10]} Kh4 {[%emt 0:00:09]} 40. c4 {[%emt 0:00:26]} h5 {[%emt 0:00:14]} 41. Kd3 {[%emt 0:30:38]} g5 42. c5 Nb7 {[%emt 0:30:56]} 43. Bxb7 {[%emt 0:00:47]} Rxb7 {[%emt 0:00:01]} 44. c6 {[%emt 0:00:10]} Rb2 {[%emt 0:00:17]} 45. c7 {[%emt 0:00:13]} Rxf2 46. c8=Q Kg4 {[%emt 0:00:37]} 47. Rf6 {[%emt 0:00:25]} h4 48. Qe6 1-0

[Event "14th Poti Open-A 2019"]
[Site "Poti"]
[Date "2019.07.19"]
[Round "8.1"]
[White "Maghalashvili, Davit"]
[Black "Babujian, Levon"]
[Result "1/2-1/2"]
[WhiteElo "2485"]
[BlackElo "2469"]
[Annotator "TA"]
[PlyCount "65"]
[EventDate "2019.07.13"]
[EventType "swiss"]
[EventCountry "GEO"]
[SourceTitle "playchess.com"]
[Source "ChessBase"]
[SourceQuality "1"]

{[%evp 11,65,59,86,56,64,42,50,40,41,32,50,22,61,28,32,34,59,47,66,49,76,60,74,77,65,38,54,59,60,42,46,44,47,41,27,12,16,6,23,6,110,52,52,32,36,13,15,4,7,0,0,0,0,-7,0,0]} 1. Nf3 c5 2. c4 Nc6 3. Nc3 g6 4. e3 Nf6 5. d4 Bg7 6. d5 Na5 7. a3 {A35: Symmetrical English: 2 Nc3 Nc6 3 Nf3} b6 8. b4 $146 ({Predecessor:} 8. Bd3 O-O 9. O-O d6 10. h3 e5 11. Nd2 Bd7 12. Rb1 Rc8 13. b4 Nb7 14. Bb2 h6 {0-1 (29) Le Roux,J (2517)-Feller,S (2666) Caen 2011}) 8... Nb7 9. Bb2 {White is slightly better.} O-O 10. Be2 d6 11. O-O Bg4 12. Nd2 Bxe2 13. Qxe2 cxb4 14. axb4 a5 15. bxa5 Nxa5 16. Nb5 Nd7 17. Bxg7 Kxg7 18. e4 Qc8 19. f4 Nb7 20. e5 Rxa1 21. Rxa1 dxe5 22. fxe5 e6 23. Qe3 {next Ra7 is good for White.} exd5 24. cxd5 Re8 25. e6 Nf6 (25... Qc5 $11 {remains equal.} 26. Qxc5 Ndxc5) 26. Rf1 (26. Qd4 $16 {Hoping for Ne4.} fxe6 27. d6) 26... Qc5 $14 27. Qxc5 {[%mdl 64] [#] Overworked Piece} Nxc5 28. Nd6 Re7 $1 {The position is equal.} ({Wrong is} 28... Rd8 $2 29. e7 $18) 29. exf7 {Threatens to win with Rxf6!} Ncd7 30. Ra1 Re5 31. N2c4 Rxd5 32. Rb1 b5 33. Rxb5 {Accuracy: White = 35%, Black = 56%.} 1/2-1/2

[Event "14th Poti Open-A 2019"]
[Site "Poti"]
[Date "2019.07.19"]
[Round "8.2"]
[White "Pantsulaia, Levan"]
[Black "Gabuzyan, Hovhannes"]
[Result "0-1"]
[WhiteElo "2612"]
[BlackElo "2622"]
[Annotator "TA"]
[PlyCount "80"]
[EventDate "2019.07.13"]
[EventType "swiss"]
[EventCountry "GEO"]
[SourceTitle "playchess.com"]
[Source "ChessBase"]
[SourceQuality "1"]

{[%evp 11,80,12,15,21,21,18,20,17,17,0,-10,-3,0,-41,-40,-45,-48,-54,-52,-53,0,0,63,0,25,34,25,24,19,17,10,23,29,18,39,-9,-8,-23,-25,-32,-45,-88,-95,-95,-89,-100,-92,-82,-96,-85,-103,-232,-242,-325,-314,-296,-313,-485,-479,-484,-469,-469,-460,-539,-532,-528,-508,-29969,-29971,-29990,-29991]} 1. Nf3 d5 2. g3 Nc6 3. d4 Bf5 4. Bg2 Nb4 5. Na3 e6 6. O-O Nf6 7. Nh4 {D02: 1 d4 d5 2 Nf3 sidelines, including 2...Nf6 3 g3 and 2...Nf6 3 Bf4} (7. Bf4 c6 8. c3 Na6 9. Nc2 Be7 10. Ne5 h6 11. Ne1 O-O 12. N1d3 Rc8 13. b4 Nb8 14. a4 a5 {0-1 (48) Caruana,F (2829)-Kramnik,V (2769) London 2014}) 7... Bg4 8. c3 Nc6 9. Nc2 $146 {The position is equal.} ({Predecessor:} 9. c4 Bxa3 10. bxa3 dxc4 11. Bb2 Nd5 12. Rc1 Nb6 13. d5 exd5 14. Bxg7 Rg8 {0-1 (34) Lputian,S (2634)-Bauer,C (2599) playchess.com INT 2004}) 9... Be7 10. h3 Bh5 11. g4 Ne4 12. gxh5 (12. Bxe4 $5 Bxh4 13. Bd3 $11) 12... Bxh4 13. Qd3 f5 14. Bf4 g5 15. Bh2 Rg8 (15... Qe7 $15) 16. c4 $36 {[%mdl 2048] White fights for an advantage.} g4 ({Black should try} 16... Qd7 $11) 17. cxd5 (17. hxg4 $14 Rxg4 18. cxd5 exd5 19. Ne3) 17... Qxd5 ({Of course not} 17... exd5 $6 18. hxg4 Rxg4 19. f3 $16) 18. hxg4 {Hoping for Rac1.} O-O-O $1 19. Rac1 {And now Nb4! would win.} Rxg4 20. Ne3 $1 {[%csl LRd5,LRg4][%mdl 64] Double Attack} Rxg2+ $1 21. Nxg2 Rg8 22. f3 Nf6 $1 23. Kh1 Bg3 24. Ne3 Qd6 25. Rf2 $1 f4 26. Bxg3 fxg3 27. Rg2 Nxh5 {Strongly threatening ...Qf4.} 28. Nc4 (28. Qxh7 $2 Qf8 $17) 28... Qxd4 29. Qxd4 Nxd4 30. Nd6+ Kb8 $1 31. Ne4 {[#]} (31. Rc4 $17 {was necessary.} e5 32. Nf7) 31... Nf5 $1 $19 32. Rc5 b6 33. Re5 Nf4 34. Nf6 (34. Rxf5 $142 exf5 35. Rxg3) 34... Rg6 35. Ng4 Nxg2 36. Kxg2 h5 37. Ne3 Nxe3+ 38. Rxe3 {[#]} h4 $1 {[%cal Rh4h3] Threatens to win with ...h3+!} 39. f4 {[#]} (39. Kg1 $19 h3 40. Rd3) 39... h3+ $1 40. Kg1 (40. Kxh3 g2) 40... h2+ {Accuracy: White = 57%, Black = 84%.} 0-1

[Event "14th Poti Open-A 2019"]
[Site "Poti"]
[Date "2019.07.19"]
[Round "8.3"]
[White "Sanikidze, Tornike"]
[Black "Nigalidze, Gaioz"]
[Result "1-0"]
[WhiteElo "2509"]
[BlackElo "2563"]
[Annotator "TA"]
[PlyCount "69"]
[EventDate "2019.07.13"]
[EventType "swiss"]
[EventCountry "GEO"]
[SourceTitle "playchess.com"]
[Source "ChessBase"]
[SourceQuality "1"]

{[%evp 19,69,0,0,0,9,-8,15,4,18,28,25,8,82,78,77,79,110,97,97,94,173,150,169,143,159,158,160,157,141,136,163,137,189,177,197,212,208,192,279,0,216,212,274,224,1780,843,2059,2051,910,900,29988,29989]} 1. d4 d5 2. c4 c6 3. Nf3 Nf6 4. Nc3 e6 5. e3 Nbd7 6. Bd3 dxc4 7. Bxc4 b5 8. Bd3 Bd6 9. O-O O-O 10. a3 Bb7 11. Ng5 {D47: Semi-Slav: Meran System} a5 12. Bd2 e5 $146 ({Predecessor:} 12... h6 13. Nge4 Be7 14. Qc2 Rc8 15. Nxf6+ Nxf6 16. Ne4 c5 17. Nxf6+ gxf6 18. Rae1 f5 {½-½ (30) Ivanchuk,V (2763)-Topalov,V (2769) Bucharest 2012}) 13. Rc1 {The position is equal.} exd4 14. exd4 h6 15. Nge4 Nxe4 (15... Be7 $11 {keeps the balance.}) 16. Nxe4 $16 (16. Bxe4 $6 b4 $11) 16... Nf6 17. Qf3 Nd5 18. Bb1 b4 19. Rfe1 $36 {[%mdl 2048] Keeping Black busy.} Re8 {[#]} (19... Bc7 $16) 20. Qd3 $1 $18 ({Don't play} 20. Nxd6 $6 Qxd6 21. Qd3 Nf6 $14) 20... g6 21. Nxd6 Qxd6 22. Bxh6 Rxe1+ 23. Rxe1 bxa3 24. bxa3 Ba6 25. Qf3 Qd7 (25... Qf6 $16 {was called for.}) 26. Bd2 a4 27. h4 Re8 {and the idea ...Rxe1+ leaves Black hopeful.} 28. Re5 Rb8 (28... Rxe5 {was worth a try.} 29. dxe5 Qb7) 29. Re1 $2 (29. Bc2 $18) 29... Rb3 $2 (29... Re8 $1 $11 {and Black is okay.}) 30. Qe4 Rxa3 31. Qe5 {[#] Threatens to win with Bh6.} Bd3 $2 (31... Rb3 32. Ba2 f6) 32. Bh6 (32. Qb8+ $142 Kh7 33. Re8) 32... f6 33. Qb8+ Kh7 34. Re8 {[%csl Gb8][%cal Re8h8]} g5 35. h5 {Accuracy: White = 70%, Black = 32%.} 1-0

[Event "14th Poti Open-A 2019"]
[Site "Poti"]
[Date "2019.07.19"]
[Round "8.4"]
[White "Paichadze, Luka"]
[Black "Hayrapetyan, Hovik"]
[Result "1-0"]
[WhiteElo "2567"]
[BlackElo "2465"]
[Annotator "TA"]
[PlyCount "63"]
[EventDate "2019.07.13"]
[EventType "swiss"]
[EventCountry "GEO"]
[SourceTitle "playchess.com"]
[Source "ChessBase"]
[SourceQuality "1"]

{[%evp 10,63,44,41,77,45,74,52,40,49,54,44,64,56,58,55,54,43,44,43,65,54,81,72,75,71,87,78,77,76,67,52,69,73,125,128,155,161,371,339,440,439,436,417,394,389,286,206,201,200,191,187,184,134,280,267]} 1. e4 g6 2. d4 Bg7 3. Be3 c6 4. Qd2 d6 5. Nc3 Nd7 6. Nf3 a6 {B06: Modern Defence} (6... Ngf6 7. Bh6 Bxh6 8. Qxh6 Qa5 9. Bd3 b5 10. O-O b4 11. Ne2 Ba6 12. Bxa6 Qxa6 13. Ng3 Qb5 14. Rfe1 {0-1 (36) Vidit,S (2718)-Andriasian,Z (2591) chess.com INT 2018}) 7. a4 Qa5 8. Bd3 c5 $146 {White is slightly better.} ({Predecessor:} 8... Ngf6 9. O-O O-O 10. h3 Re8 11. b4 Qxb4 12. a5 Nxe4 13. Nxe4 Qxd2 14. Nexd2 {1-0 (36) Chovanec,M (2103)-Beres,L (2067) Slovakia 2017}) 9. O-O cxd4 10. Nxd4 Ngf6 11. Nb3 Qc7 12. a5 O-O 13. f3 Ne5 14. Bb6 Qc6 15. f4 Nc4 16. Bxc4 $1 Qxc4 17. Ra4 {[%cal Ba1a4,Ba4c4,Bc4c7][%mdl 32]} Qc6 18. Nd4 $36 {[%mdl 2048] White is on the roll.} Qe8 19. Rc4 e5 20. Nf3 exf4 21. Qxf4 Qe6 (21... Be6 $142 22. Rc7 Rc8) 22. Rc7 $16 h6 23. Bd4 Ne8 $2 (23... Rb8 24. h3 Ne8 25. Bxg7 Kxg7) 24. Bxg7 $18 Kxg7 25. Nd5 {And now Re7 would win.} ({Less strong is} 25. Nd4 Qf6 $16) 25... Nxc7 26. Nxc7 Qg4 27. Qxd6 Qd7 28. Qb6 Rb8 {[#]} 29. Nxa6 $1 {[%mdl 512]} bxa6 30. Qxb8 Bb7 31. Qf4 Qb5 (31... Qa4 $16) 32. Nd4 {Accuracy: White = 67%, Black = 44%.} 1-0

[Event "14th Poti Open-A 2019"]
[Site "Poti"]
[Date "2019.07.19"]
[Round "8.5"]
[White "Shahinyan, David"]
[Black "Chkhaidze, Nikoloz"]
[Result "1-0"]
[WhiteElo "2445"]
[BlackElo "2330"]
[Annotator "TA"]
[PlyCount "79"]
[EventDate "2019.07.13"]
[EventType "swiss"]
[EventCountry "GEO"]
[SourceTitle "playchess.com"]
[Source "ChessBase"]
[SourceQuality "1"]

{[%evp 12,79,25,25,21,14,15,23,18,13,18,23,29,24,22,25,30,29,72,11,11,7,12,0,0,-11,0,4,3,0,0,0,0,0,0,0,12,22,44,28,55,40,54,54,68,65,81,67,61,52,166,151,143,146,153,152,187,185,168,164,190,185,210,192,253,251,420,420,406,406]} 1. e4 c6 2. d4 d5 3. exd5 cxd5 4. Bd3 Nc6 5. c3 Nf6 6. Bf4 Bg4 7. Qb3 e5 {B13: Caro-Kann: Exchange Variation and Panov-Botvinnik Attack} (7... Na5 8. Qa4+ Bd7 9. Qc2 a6 10. Nd2 e6 11. Ngf3 Bb5 12. Bxb5+ axb5 13. a3 Be7 14. O-O O-O 15. Rae1 Nc4 16. Ne5 Ra6 17. Nd3 Rc6 {1-0 (82) Aronian,L (2765)-Karjakin,S (2753) Kolkata 2018}) 8. dxe5 Nh5 9. Be3 Nxe5 {White has an edge.} 10. Bb5+ Nc6 11. Be2 Bxe2 12. Nxe2 Qd7 13. Nd2 Nf6 $146 ({Predecessor:} 13... Be7 14. O-O O-O 15. Nf3 {1-0 (36) Tomilova,E (2334)-Nechaeva,M (2410) Yaroslavl 2018}) 14. O-O Bd6 15. Nf3 (15. Bg5 $16) 15... O-O $11 16. Rad1 Rfe8 17. Ng3 h6 18. Rd3 Ne5 19. Nxe5 Bxe5 20. f4 Bc7 {[#] White must now prevent ...Rxe3!} 21. Bd4 {Hoping for Bxf6.} Bb6 22. Bxb6 axb6 23. a3 b5 24. Qd1 Qe6 25. h3 Rad8 26. Rd4 {[%cal Bd3d4,Bd4b4,Bb4b5][%mdl 32]} Rd7 27. Kh2 Rde7 28. Qd3 h5 29. Nf5 Rd7 30. Rb4 Qe2 (30... Ne4 $14 31. Nd4 {[%mdl 64] Double Attack} Qf6) 31. Qxe2 $18 ({Much less strong is} 31. Qxb5 Qd2 $16) 31... Rxe2 32. Rxb5 g6 33. Nd4 $36 {[%mdl 2048] Keeping Black busy.} Rd2 34. Nf3 Re2 35. Rd1 Kf8 36. Rd4 Re4 37. Ne5 Rc7 (37... Re7 {keeps fighting.} 38. Rdb4 Rxb4 39. Rxb4 (39. axb4 Kg7 $18) 39... Rc7) 38. Rbxd5 Ke7 $2 {[#]} (38... Nxd5 {was necessary.} 39. Rxe4 Kg7) 39. Nxg6+ fxg6 40. Rxe4+ {Accuracy: White = 71%, Black = 33%.} 1-0

[Event "14th Poti Open-A 2019"]
[Site "Poti"]
[Date "2019.07.19"]
[Round "8.6"]
[White "Gharibyan, Mamikon"]
[Black "Urazayev, Arystanbek"]
[Result "0-1"]
[WhiteElo "2350"]
[BlackElo "2436"]
[Annotator "TA"]
[PlyCount "168"]
[EventDate "2019.07.13"]
[EventType "swiss"]
[EventCountry "GEO"]
[SourceTitle "playchess.com"]
[Source "ChessBase"]
[SourceQuality "1"]

{[%evp 9,193,24,24,21,27,28,28,25,27,20,24,29,22,12,46,18,50,25,60,57,64,68,86,53,50,50,50,52,52,50,48,48,54,53,45,22,70,44,54,55,54,47,66,69,77,64,83,89,89,90,99,106,95,63,64,17,173,27,41,14,27,0,34,36,40,19,28,25,20,0,0,0,0,0,0,0,0,-86,-8,-52,-52,-52,-52,-55,-55,-60,-60,-100,-100,-92,-92,-92,-91,-92,-90,-91,-90,-91,-90,-461,-114,-131,-131,-131,-131,-335,-335,-302,-32,-32,-32,-32,-32,-36,-36,-50,-50,-50,0,0,0,0,0,0,0,-328,-328,-328,-328,-328,-328,-328,-328,-328,-328,-328,0,0,0,-328,-328,-328,-328,-328,-328,-328,-320,-320,-320,-320,-205,-320,-270,-321,-320,-320,-313,-29964,-29965,-29966,-29966,-29966,-29965,-29967,-29967,-29967,-29968,-29967,-29969,-29970,-29972,-29971,-29969,-29969,-29970,-29970,-29971,-29971,-29971,-29969,-4627,-29979,-29980,-29980,-29981,-29981]} 1. Nf3 d5 2. d4 Nf6 3. c4 e6 4. Nc3 a6 5. cxd5 exd5 6. Qb3 {D37: Queen's Gambit Declined: 5 Bf4} (6. Bg5 Be6 7. e3 Nbd7 8. Bd3 h6 9. Bf4 g5 10. Bg3 Nh5 11. Be5 Nhf6 12. Bg3 Nh5 13. Ne2 Nxg3 14. Nxg3 {1-0 (61) Leko,P (2679)-Caruana,F (2832) Germany 2019}) 6... Be7 7. Bg5 c6 8. e3 {White has an edge.} O-O 9. Bd3 Nbd7 10. O-O Ne4 11. Bf4 Nd6 $146 ({Predecessor:} 11... Ndf6 12. Rac1 Nd6 13. Qc2 g6 {½-½ (51) Mikaelyan,A (2474)-Sturua,Z (2533) Yerevan 2019}) 12. h3 Nf6 13. Ne5 Be6 14. Na4 Nfe4 15. Nc5 Qc8 16. Bxe4 Nxe4 17. Qxb7 Qxb7 18. Nxb7 Rfb8 19. Nc5 $1 Bxc5 20. dxc5 Rxb2 21. Nxc6 Nxc5 22. Be5 Rd2 23. Rfd1 Rxd1+ 24. Rxd1 f6 25. Bd4 Nd7 26. Rc1 Kf7 27. Na7 Ne5 28. Rc7+ Kg8 29. a4 Nc4 30. Nc6 h5 31. Ne7+ Kh7 $1 32. Rb7 {Black should prevent Bxf6!} h4 $2 {[#]} (32... Rd8 $11 {and Black is okay.}) 33. Nc6 (33. Bxf6 $1 $18 {[%mdl 512]} gxf6 34. Nxd5+ Kh6 35. Nc7 {[%mdl 64] Double Attack}) 33... Kh6 34. Re7 Bf5 35. Rb7 a5 36. Ne7 Bc2 37. Nxd5 Bxa4 38. Rc7 Bb3 39. Rxc4 {[%mdl 64] Remove Defender, Decoy} Bxc4 $11 {[%mdl 4096] Endgame KRB-KBN} 40. Nb6 {[%mdl 64] Double Attack} Rb8 41. Nxc4 Rb1+ 42. Kh2 a4 {Threatening ...Rb3.} 43. g3 (43. Na3 $1 $11 Rb3 44. Bc5) 43... Rb3 ({Better is} 43... hxg3+ $1 $17 44. Kxg3 Rb3) 44. gxh4 (44. g4 {keeps more tension.} Kg6 45. Nd6 a3 46. Nf5 Kf7 47. Nxh4 Rb4 48. Ba1) 44... a3 45. Nxa3 $1 Rxa3 $15 {KR-KB} 46. Bc5 Ra1 47. Bd6 Kh5 48. Bf8 Ra8 ({Reject} 48... Kxh4 $6 49. Bxg7 Kg5 50. Bf8 $11) 49. Bd6 Kxh4 50. Kg2 Kg5 51. Bf4+ Kf5 52. Kf3 Rh8 53. Kg2 Ke4 54. Bd6 $2 {[%mdl 8192]} (54. f3+ $17 Kd5 55. Kg3) 54... Kd3 $2 (54... Rh6 $1 $19 {and Black stays clearly on top.} 55. Bf8 Rg6+ 56. Kf1 Kf3) 55. Bf4 Ke2 56. Kg3 Ra8 57. h4 $2 (57. Bd6 $17 {keeps fighting.}) 57... Ra1 $19 {And now ...Rg1+ would win.} 58. Kg4 Ra5 $2 ({Black should try} 58... Kxf2 $19 59. Kf5 Kf3) 59. Bg3 $15 g6 {Strongly threatening ...Ra4+.} 60. e4 Kd3 61. f3 Ke3 62. Bc7 Rb5 63. Bf4+ Kf2 64. Bd6 Rb3 65. e5 fxe5 66. Bxe5 Rxf3 {Hoping for ...Rf5.} 67. Bc7 $2 {[%mdl 8192]} (67. Kg5 $11) 67... Rf5 $1 $19 68. Bb6+ Ke2 69. Bd8 Rh5 70. Bg5 {[#] intending Kf4.} Kd3 $1 71. Bf6 Ke4 72. Bg5 Rh7 $2 (72... Ke5 $19 {White must now prevent ...Ke4.} 73. Be7 Kd5) 73. Bf6 $11 Rh5 $2 {[%mdl 8192]} (73... Kd5 $11 74. Kg5 Rf7 75. Kxg6 Ke6) 74. Bg5 $19 Ke5 75. Bd8 Rf5 76. Bb6 Ke6 77. Bd4 Rb5 {( -> ...Rb4!)} 78. Bc3 Rb1 79. Kg5 Rg1+ 80. Kf4 (80. Kh6 {was the only chance.}) 80... Kf7 81. Kf3 Rc1 82. Bd2 Rc4 83. Bf4 $2 (83. h5 $19 gxh5 84. Ba5) 83... Kf6 84. Kg4 Rd4 {Played: Rc4-a4} 0-1

[Event "14th Poti Open-A 2019"]
[Site "Poti"]
[Date "2019.07.19"]
[Round "8.7"]
[White "Tutisani, Noe"]
[Black "Eynullayev, Atilla"]
[Result "1/2-1/2"]
[WhiteElo "2460"]
[BlackElo "2228"]
[Annotator "TA"]
[PlyCount "103"]
[EventDate "2019.07.13"]
[EventType "swiss"]
[EventCountry "GEO"]
[SourceTitle "playchess.com"]
[Source "ChessBase"]
[SourceQuality "1"]

{[%evp 24,103,22,21,38,29,31,0,0,0,0,0,9,8,14,-20,14,0,13,0,0,0,0,0,0,0,0,0,0,-8,0,0,0,-16,-15,-8,-3,-39,-29,-51,-68,-97,0,0,0,-11,-12,-17,-11,-14,-8,-8,-8,-8,-8,-8,0,-8,-8,-8,-8,-20,-14,-20,-20,-29,-29,-29,-20,-29,-29,-29,-29,-29,-29,-29,-29,-29,0,-29,0,-29]} 1. c4 e5 2. d3 Nf6 3. Nf3 Nc6 4. a3 a5 5. Nc3 g6 6. g3 Bg7 7. Bg2 O-O 8. O-O d6 9. Rb1 Be6 10. b4 axb4 11. axb4 {[%cal Ba3b4,Bb4b5][%mdl 32]} h6 12. b5 Ne7 13. Qc2 Nd7 {A26: English Opening vs King's Indian with ...Nc6 and d3} (13... Qd7 14. Rd1 Bh3 15. Bh1 Ng4 16. d4 Qc8 17. Bb2 Kh7 18. Nd5 Re8 19. dxe5 dxe5 20. Nd2 f5 21. e4 f4 {½-½ (49) Kaasen,T (2398)-Brynell,S (2406) Ballerup 2019}) 14. Nd2 c6 15. Nce4 $146 ({Predecessor:} 15. Nb3 d5 16. c5 f5 17. e4 Nf6 18. bxc6 Nxc6 19. f3 Qd7 {0-1 (44) Nowak,M (1715)-Szpar,M (1956) Czudec 2016}) 15... Nf5 16. bxc6 bxc6 17. Nb3 Qc7 18. Bd2 Ra7 19. Ra1 Rfa8 20. Rxa7 Rxa7 21. Rb1 d5 22. Nec5 Nxc5 23. Nxc5 Bc8 24. cxd5 Nd4 25. Qd1 cxd5 26. Rc1 Qd8 27. e3 Ne6 28. Qb3 Nxc5 29. Rxc5 {[#] Black must now prevent Qb8.} Ra1+ 30. Bc1 {aiming for Qb8.} Be6 31. h4 Bf8 32. Qb2 Bxc5 (32... Qa8 $17 33. Rc7 Qa5) 33. Qxa1 $11 d4 34. e4 Bf8 35. Bd2 Qb8 36. Bf1 Bg7 37. Be2 h5 38. Bd1 Qb5 39. Bc2 Kh7 (39... Qb7 {seems wilder.} 40. Qc1 Qa6 41. Kg2 Kh7 42. Qb1 Qa7) 40. Qb1 Qxb1+ 41. Bxb1 {[%mdl 4096] Endgame KBB-KBB} Bb3 42. Kf1 Kg8 43. Ke2 Kf8 44. f4 Ke7 45. Be1 Ke6 46. fxe5 Bxe5 47. Kd2 Bd6 48. Ke2 $1 f6 49. Bf2 Ke5 50. Be1 $1 Ke6 51. Bf2 Ke5 52. Be1 {Accuracy: White = 53%, Black = 61%.} 1/2-1/2

[Event "14th Poti Open-A 2019"]
[Site "Poti"]
[Date "2019.07.19"]
[Round "8.8"]
[White "Botoyan, Smbat"]
[Black "Muradli, Mahammad"]
[Result "0-1"]
[WhiteElo "2240"]
[BlackElo "2454"]
[Annotator "TA"]
[PlyCount "60"]
[EventDate "2019.07.13"]
[EventType "swiss"]
[EventCountry "GEO"]
[SourceTitle "playchess.com"]
[Source "ChessBase"]
[SourceQuality "1"]

{[%evp 18,60,9,-17,21,0,39,38,33,-21,30,29,79,13,30,19,13,-37,-25,-143,-146,-158,-131,-162,-167,-149,-162,-142,-154,-376,-383,-448,-443,-458,-422,-434,-427,-425,-395,-420,-417,-423,-459,-495,-472]} 1. e4 c5 2. Nf3 d6 3. Nc3 a6 4. d4 cxd4 5. Nxd4 Nf6 6. Bg5 Nbd7 7. Bc4 Qa5 8. Qd2 e6 9. O-O h6 10. Bh4 Be7 {B94: Sicilian Najdorf: 6 Bg5 Nbd7} (10... b5 $5 {[%cal Rb5c4]} 11. Bxf6 Nxf6 $11) 11. Rad1 g5 12. Bg3 Ne5 {White is slightly better.} 13. Bb3 {[#]} (13. Be2 $14) 13... b5 $146 (13... Nh5 $142) ({Predecessor:} 13... Nh5 14. Ba4+ Kf8 15. Bb3 Bd7 16. Qe2 g4 17. Bxe5 dxe5 18. Nf5 {1-0 (37) Rasulov,V (2488)-Sutovsky,E (2660) Baku 2013}) 14. a3 $11 Qb6 15. Kh1 ({White should play} 15. f4 $16 gxf4 16. Bxf4 (16. Qxf4 Nh5 $11)) 15... Nh5 $1 16. Bxe5 dxe5 17. Nf3 (17. Nf5 $5 Nf6 18. Nxe7 Kxe7 19. f3 $11) 17... Qc5 18. Nd5 (18. Ne2 $11 {keeps the balance.}) 18... exd5 $17 19. Bxd5 Ra7 20. Nxe5 {[#]} O-O $1 21. b4 {[#]} Qb6 $1 22. c4 bxc4 23. Nxf7 $2 (23. Nxc4 $17 Qb8 24. Qd4) 23... Rxf7 $19 24. Bxf7+ Kxf7 25. Qe2 Nf4 26. Qxc4+ Qe6 27. Qxe6+ Bxe6 ({Don't take} 27... Kxe6 28. g3 $19) ({Resist} 27... Nxe6 28. Rc1 $19) 28. g3 Ne2 29. f4 gxf4 30. gxf4 Nc3 {Accuracy: White = 36%, Black = 51%.} 0-1